Catálogo público

Normal view MARC view

Entry Nombre personal

Number of records used in: 2

001 - NÚMERO DE CONTROL

  • campo de control: 190282

003 - IDENTIFICADOR DEL NÚMERO DE CONTROL

  • campo de control: CHAP

005 - FECHA Y HORA DE LA ÚLTIMA TRANSACCIÓN

  • campo de control: 20250425101745.0

008 - DATOS DE LONGITUD FIJA

  • campo de control de longitud fija: 250425|| ac|||abbn | a|a d

040 ## - FUENTE DE LA CATALOGACIÓN

  • Centro catalogador/agencia de origen: Z
  • Centro/agencia transcriptor: CHAP

100 1# - ENCABEZAMIENTO-NOMBRE DE PERSONA

  • Nombre de persona: De la Rosa Peñaloza, I.

670 ## - FUENTE DE DATOS ENCONTRADOS

  • Cita de la fuente: Cosechadoras de forrajes. 2a edición, 2014